Central Library OPAC University of Rajshahi

Fundamental aspects of electrocrystallization (Record no. 75209)

MARC details
000 -LEADER
fixed length control field 01145cam a22003971 4500
001 - CONTROL NUMBER
control field 75209
003 - CONTROL NUMBER IDENTIFIER
rucl marc code BD-RjUL
005 - DATE AND TIME OF LATEST TRANSACTION
control field 20211209082647.0
008 - FIXED-LENGTH DATA ELEMENTS--GENERAL INFORMATION
fixed length control field 731212s1967 nyua b 000 0 eng
035 ## - SYSTEM CONTROL NUMBER
System control number MITb10559348
System control number (OCoLC)00545492
System control number GLIS00559348
040 ## - CATALOGING SOURCE
Original cataloging agency DLC
Transcribing agency DLC
Modifying agency m.c.
-- RCD
Language of cataloging eng
041 ## - LANGUAGE CODE
Language code of text/sound track or separate title eng
049 ## - LOCAL HOLDINGS (OCLC)
Holding library RCDA
082 ## - DEWEY DECIMAL CLASSIFICATION NUMBER
Edition number 23
Classification number 548.5
Author mark and year BOF 1967
090 ## - LOCALLY ASSIGNED LC-TYPE CALL NUMBER (OCLC); LOCAL CALL NUMBER (OCLC)
Classification number (OCLC) (R) ; Classification number, CALL (RLIN) (NR) QD931
Local cutter number (OCLC) ; Book number/undivided call number, CALL (RLIN) .B665
099 ## - LOCAL FREE-TEXT CALL NUMBER (OCLC)
Bangla Class number QD931.B665
100 1# - MAIN ENTRY--PERSONAL NAME
Personal name Bockris, J. O'M.
Fuller form of name (John O'M.),
Dates associated with a name 1923-
9 (RLIN) 227576
245 10 - TITLE STATEMENT
Title Fundamental aspects of electrocrystallization
Statement of responsibility, etc. [by] J. O'M. Bockris and G. A. Razumney.
260 ## - PUBLICATION, DISTRIBUTION, ETC. (IMPRINT)
Place of publication, distribution, etc. New York :
Name of publisher, distributor, etc. Plenum Press,
Date of publication, distribution, etc. c1967.
300 ## - PHYSICAL DESCRIPTION
Pagination xii, 155 p.
Illustrations illus.
Size 24 cm.
504 ## - BIBLIOGRAPHY, ETC. NOTE
Bibliography, etc Bibliography: p. 145-150.
650 #0 - SUBJECT ADDED ENTRY--TOPICAL TERM
Topical term or geographic name as entry element Crystal growth.
9 (RLIN) 227577
Topical term or geographic name as entry element Electrochemistry.
9 (RLIN) 227578
700 1# - ADDED ENTRY--PERSONAL NAME
Personal name Razumney, G. A.
910 ## - USER-OPTION DATA (OCLC)
User-option data OCLC 60
942 ## - ADDED ENTRY ELEMENTS (KOHA)
Source of classification or shelving scheme Dewey Decimal Classification
Koha item type Books
949 ## - LOCAL PROCESSING INFORMATION (OCLC)
a MYGE
-- MYGS
-- MYGY
Holdings
Lost status Source of classification or shelving scheme Damaged status Not for loan Collection code Permanent Location Current Location Shelving location Date acquired Source of acquisition Cost, normal purchase price Total Checkouts Full call number Date last seen Copy number Koha item type
  Dewey Decimal Classification   Not For Loan Non-fiction Central Library, University of Rajshahi Central Library, University of Rajshahi Reading Room 12/04/1982 Heffers 18.60   548.5 BOF 1967 31/01/2019 C-1 Books